000 00424nam a2200193Ia 4500
003 0100
008 130307s9999 xx 000 0 und d
040 _cARRUPELIB
050 _aB2799.K7P9 1909
100 _aPrichard, H.A
245 _aKant's theory of knowledge
260 _aOxford
260 _bThe Clarendon Press
260 _c1909
300 _a324p.
300 _b22cm
650 _aPHILOSOPHY
942 0 0 _01
999 _c90042
_d90042